Handbook of analog computation.

Saved in:
Bibliographic Details
Corporate Author: Electronic Associates
Format: Book
Language:English
Published: Princeton, N.J. : Electronic Associates Inc., 1967.
Edition:2nd ed.
Subjects:
LEADER 00784nam a2200217 i 4500
001 c000312603
003 CARM
005 00000000000000.0
008 790918s1967 00000 eng d
019 1 |a 2528715  |z 26219461  |z 27497000  |5 LACONCORD2021 
035 |a (OCoLC)2223660  |5 LACONCORD2021 
082 0 4 |a 621.3919 
110 2 0 |a Electronic Associates. 
245 1 0 |a Handbook of analog computation. 
250 |a 2nd ed. 
260 |a Princeton, N.J. :  |b Electronic Associates Inc.,  |c 1967. 
300 |a 389 p. 
650 0 |a Electronic analog computers. 
852 8 |b CARM  |h A3:AD01D0  |i F05569  |p 0470679  |f BK 
999 f f |i 62547326-e848-5287-9fe6-f9b52447e94c  |s c821468a-b360-5bdc-b36c-12819a229d69 
952 f f |p Can circulate  |a CAVAL  |b CAVAL  |c CAVAL  |d CARM 1 Store  |e F05569  |f A3:AD01D0  |h Other scheme  |i book  |m 0470679